[Event "20th EUR-ch"]
[Site "Skopje MKD"]
[Date "2019.03.26"]
[Round "8"]
[White "Arutinian, David"]
[Black "Moiseenko, Olexandr"]
[Result "1/2-1/2"]
[WhiteElo "2555"]
[BlackElo "2648"]
[EventDate "2019.03.18"]
[Board "35"]
[PlyCount "38"]

1.Nf3 Nf6 2.c4 e6 3.e3 d5 4.b3 Bd6 5.Bb2 b6 6.Nc3 O-O 7.Qc2 c5 8.Ng5 d4 9.
Nce4 Nxe4 10.Qxe4 Qxg5 11.Qxa8 Qe7 12.Qf3 e5 13.Bd3 f5 14.e4 fxe4 15.Qxe4 
Bf5 16.Qd5+ Be6 17.Qe4 Bf5 18.Qd5+ Be6 19.Qe4 Bf5 1/2-1/2

[Event "20th EUR-ch"]
[Site "Skopje MKD"]
[Date "2019.03.26"]
[Round "8"]
[White "Kuzubov, Yuriy"]
[Black "Grigoriants, Sergey"]
[Result "1-0"]
[WhiteElo "2644"]
[BlackElo "2543"]
[EventDate "2019.03.18"]
[Board "36"]
[PlyCount "77"]

1.d4 Nf6 2.Nf3 e6 3.c4 b6 4.g3 Bb7 5.Bg2 Bb4+ 6.Bd2 c5 7.d5 Bxd2+ 8.Qxd2 
exd5 9.Nh4 Ne4 10.Qc2 Qf6 11.O-O Qe5 12.Nd2 O-O 13.cxd5 Nxd2 14.Qxd2 d6 
15.f4 Qf6 16.e4 Ba6 17.Rf2 g6 18.e5 dxe5 19.fxe5 Qxe5 20.d6 Nd7 21.Re1 Qd4
22.Qxd4 cxd4 23.Bxa8 Rxa8 24.Re7 Rd8 25.Rfxf7 Nf8 26.d7 d3 27.Nf3 Bb5 28.
Rg7+ Kh8 29.Re8 Kxg7 30.Rxd8 Nxd7 31.Kf2 Kf6 32.Ke3 Nc5 33.Nd4 Bc4 34.b3 
Bf7 35.b4 Na4 36.Kxd3 Bxa2 37.Ra8 Bb1+ 38.Kd2 Ke5 39.Ne2 1-0

[Event "20th EUR-ch"]
[Site "Skopje MKD"]
[Date "2019.03.26"]
[Round "8"]
[White "Yilmaz, Mustafa"]
[Black "Kulaots, Kaido"]
[Result "1-0"]
[WhiteElo "2636"]
[BlackElo "2544"]
[EventDate "2019.03.18"]
[Board "37"]
[PlyCount "81"]

1.Nf3 Nf6 2.c4 c5 3.d4 cxd4 4.Nxd4 b6 5.Nc3 Bb7 6.f3 d6 7.e4 e6 8.Be2 Be7 
9.Be3 O-O 10.Qd2 a6 11.O-O Qc7 12.Rfc1 Rc8 13.Bf1 Nbd7 14.Rab1 Qd8 15.b4 
Rab8 16.Nb3 Ba8 17.a4 Qf8 18.a5 bxa5 19.Nxa5 Bd8 20.Na4 Nb6 21.Nxb6 Bxb6 
22.Bxb6 Rxb6 23.e5 dxe5 24.c5 Rbb8 25.Bxa6 Rd8 26.Qe1 e4 27.c6 exf3 28.c7 
Qd6 29.cxd8=Q+ Qxd8 30.Bf1 Ng4 31.Qc3 fxg2 32.Bxg2 Bxg2 33.Kxg2 h5 34.Nc6 
Qd6 35.Qg3 Qd2+ 36.Kg1 Rb5 37.Rd1 Qa2 38.Ra1 Qb2 39.Ra5 Rxa5 40.bxa5 f5 
41.Qb8+ 1-0

[Event "20th EUR-ch"]
[Site "Skopje MKD"]
[Date "2019.03.26"]
[Round "8"]
[White "Gumularz, Szymon"]
[Black "Hovhannisian, Robert"]
[Result "0-1"]
[WhiteElo "2473"]
[BlackElo "2634"]
[EventDate "2019.03.18"]
[Board "38"]
[PlyCount "198"]

1.e4 e5 2.Nf3 Nc6 3.Bb5 a6 4.Ba4 Nf6 5.O-O Be7 6.Re1 b5 7.Bb3 d6 8.c3 O-O 
9.h3 Nb8 10.d4 Nbd7 11.Nbd2 c5 12.Nf1 Re8 13.Ng3 Bf8 14.dxe5 dxe5 15.Nh2 
c4 16.Bc2 g6 17.Qf3 a5 18.Bg5 h6 19.Bd2 Ra6 20.Rad1 Rd6 21.Bc1 Ree6 22.b3 
Nc5 23.bxc4 bxc4 24.Ba3 Rxd1 25.Rxd1 Rd6 26.Rxd6 Bxd6 27.Qe3 Qf8 28.Nf3 
Nfd7 29.h4 Kh7 30.h5 Ne6 31.hxg6+ fxg6 32.Bc1 Bc5 33.Qe2 Ba6 34.Ba4 Nb6 
35.Bc2 Nd7 36.Qd2 Bb5 37.a4 Bc6 38.Qe2 Nf4 39.Qd2 Qd6 40.Nxe5 Qxd2 41.Bxd2
Nxe5 42.Bxf4 Nd3 43.Bc7 Nxf2 44.Bxa5 Nxe4+ 45.Kh2 Bd6 46.Bxe4 Bxe4 47.Bb6 
Bc6 48.a5 h5 49.Bd8 Bf4 50.Kh3 Kh6 51.a6 Bd7+ 52.Kh2 h4 53.Bxh4 g5 54.a7 
Bc6 55.Kh3 gxh4 56.Kxh4 Kg6 57.Kg4 Be3 58.Nf5 Bc5 59.Kf4 Kf6 60.Ne3 Bxa7 
61.Nxc4 Bxg2 62.Nd2 Bb7 63.Nb3 Ke6 64.c4 Kd6 65.Kf5 Be3 66.Na1 Kc5 67.Nc2 
Bc1 68.Ne1 Bd2 69.Nd3+ Kd4 70.Ne5 Bc8+ 71.Kf6 Bc3 72.Nf7 Kxc4+ 73.Ke7 Kd5 
74.Ng5 Bf5 75.Nf7 Bd3 76.Ng5 Bc4 77.Nf7 Be2 78.Ng5 Be1 79.Kf6 Bg4 80.Kg6 
Bc3 81.Nf7 Ke6 82.Ng5+ Ke5 83.Kf7 Be2 84.Kg6 Bd3+ 85.Kf7 Kf5 86.Nh7 Bc4+ 
87.Ke8 Bb5+ 88.Kf7 Be2 89.Nf8 Bh5+ 90.Kg8 Kf6 91.Nh7+ Ke7 92.Ng5 Bg6 93.
Ne4 Bd4 94.Ng5 Bf6 95.Nh3 Bf5 96.Nf4 Bg5 97.Nh5 Bg6 98.Ng7 Bd2 99.Kh8 Kf7 
0-1

[Event "20th EUR-ch"]
[Site "Skopje MKD"]
[Date "2019.03.26"]
[Round "8"]
[White "Fridman, Daniel"]
[Black "Shevchenko, Kirill"]
[Result "1-0"]
[WhiteElo "2633"]
[BlackElo "2535"]
[EventDate "2019.03.18"]
[Board "39"]
[PlyCount "101"]

1.d4 Nf6 2.Nf3 e6 3.c4 b6 4.g3 Bb7 5.Bg2 Be7 6.O-O O-O 7.Nc3 Ne4 8.Bd2 Bf6
9.Re1 Nxc3 10.Bxc3 Be4 11.Qa4 d5 12.Rad1 Qe8 13.Qxe8 Rxe8 14.cxd5 exd5 15.
Ne5 Bxg2 16.Kxg2 h5 17.e4 dxe4 18.Rxe4 Nd7 19.Rde1 Bxe5 20.dxe5 Nc5 21.Rh4
g6 22.g4 Na4 23.gxh5 Nxc3 24.bxc3 Rad8 25.hxg6 fxg6 26.Rg4 Kg7 27.Re3 Rd5 
28.f4 Rd2+ 29.Kg3 Kf7 30.Rh4 Kg7 31.Kg4 Re7 32.a4 Rf7 33.Reh3 Kf8 34.Rh8+ 
Ke7 35.R8h7 c6 36.Rxf7+ Kxf7 37.Rh7+ Ke6 38.Rg7 Rg2+ 39.Kf3 Rg1 40.h3 Rf1+
41.Ke3 Rg1 42.Kf2 Rc1 43.Rxg6+ Kf5 44.Rf6+ Ke4 45.e6 Rc2+ 46.Kg3 Rxc3+ 47.
Kg4 Kd5 48.f5 Re3 49.Rf8 Re5 50.Rd8+ Ke4 51.Rd1 1-0

[Event "20th EUR-ch"]
[Site "Skopje MKD"]
[Date "2019.03.26"]
[Round "8"]
[White "Salgado Lopez, Ivan"]
[Black "Stupak, Kirill"]
[Result "1/2-1/2"]
[WhiteElo "2622"]
[BlackElo "2537"]
[EventDate "2019.03.18"]
[Board "40"]
[PlyCount "33"]

1.e4 e6 2.d4 d5 3.Nc3 dxe4 4.Nxe4 Nd7 5.Nf3 Ngf6 6.Nxf6+ Nxf6 7.Bd3 c5 8.
Be3 Nd5 9.O-O Be7 10.Bd2 cxd4 11.Nxd4 Bf6 12.c3 O-O 13.Nf3 Re8 14.Re1 e5 
15.Qc2 g6 16.Rad1 Qc7 17.h3 1/2-1/2

[Event "20th EUR-ch"]
[Site "Skopje MKD"]
[Date "2019.03.26"]
[Round "8"]
[White "Repka, Christopher"]
[Black "Van Foreest, Jorden"]
[Result "1-0"]
[WhiteElo "2466"]
[BlackElo "2621"]
[EventDate "2019.03.18"]
[Board "41"]
[PlyCount "201"]

1.d4 Nf6 2.c4 g6 3.Nf3 Bg7 4.g3 b6 5.Bg2 Bb7 6.Nc3 Ne4 7.Nxe4 Bxe4 8.d5 
O-O 9.O-O c6 10.Bh3 cxd5 11.Ng5 Qc7 12.cxd5 Bc2 13.d6 exd6 14.Qd5 Ba4 15.
Bf4 Bc6 16.Qd2 Be5 17.Rac1 Qd8 18.Bg2 Qe7 19.Rfd1 Bxf4 20.Qxf4 Qxe2 21.
Qxd6 Na6 22.Bf1 Qh5 23.h4 h6 24.Rxc6 hxg5 25.Rc4 Nc5 26.Rd5 Ne6 27.hxg5 
Rac8 28.Qe5 Rxc4 29.Bxc4 Rd8 30.Kg2 Qh8 31.Qe2 Qg7 32.Qd2 Rc8 33.b3 Nc5 
34.Qf4 Qf8 35.Rd6 Ne6 36.Qd2 Rc7 37.Rxd7 Rxd7 38.Qxd7 Nxg5 39.f4 Ne4 40.
Qxa7 Nd6 41.Bd5 Nf5 42.Qxb6 Kg7 43.Be4 Qa3 44.Bxf5 Qxa2+ 45.Qf2 Qa8+ 46.
Kh2 gxf5 47.Qb2+ f6 48.b4 Qh8+ 49.Kg1 Qb8 50.b5 Qb6+ 51.Kg2 Qb7+ 52.Kh2 
Qb6 53.Qb1 Kg6 54.Kh3 Qf2 55.Qd1 Qc5 56.Qf1 Qe3 57.Kh2 Qc5 58.Qe2 Qd4 59.
Kg2 Qd5+ 60.Kf2 Qd4+ 61.Kf1 Kh6 62.Ke1 Qa1+ 63.Kd2 Qa5+ 64.Kc2 Qa2+ 65.Kd3
Qb3+ 66.Kd4 Qxg3 67.Qe3 Qg2 68.Kc4 Qg8+ 69.Kb4 Qd5 70.b6 Kh5 71.Qc1 Kg4 
72.Qc4 Qd7 73.Ka5 Qd8 74.Kb5 Qe8+ 75.Qc6 Qe2+ 76.Kc5 Qe3+ 77.Kd6 Qxf4+ 78.
Ke7 Qb4+ 79.Kf7 Qb3+ 80.Kg7 Qg3 81.b7 Kh5+ 82.Kf8 Kh6 83.Qxf6+ Kh7 84.Qe7+
Kh6 85.Qe6+ Kh7 86.Qxf5+ Kh6 87.Qf6+ Kh7 88.Qf7+ Kh6 89.Qe6+ Kh7 90.Qd7+ 
Kh6 91.Ke7 Qg5+ 92.Kd6 Qg3+ 93.Kc6 Qc3+ 94.Kb6 Qb4+ 95.Qb5 Qd4+ 96.Qc5 
Qb2+ 97.Kc6 Qg2+ 98.Qd5 Qc2+ 99.Kd6 Qh2+ 100.Qe5 Qd2+ 101.Ke7 1-0

[Event "20th EUR-ch"]
[Site "Skopje MKD"]
[Date "2019.03.26"]
[Round "8"]
[White "Indjic, Aleksandar"]
[Black "Demidov, Mikhail"]
[Result "0-1"]
[WhiteElo "2620"]
[BlackElo "2520"]
[EventDate "2019.03.18"]
[Board "42"]
[PlyCount "76"]

1.Nf3 g6 2.d4 Bg7 3.e4 d6 4.Bc4 e6 5.O-O a6 6.Bb3 Ne7 7.h3 h6 8.a4 b6 9.
Bf4 Bb7 10.Nbd2 Nd7 11.c3 g5 12.Bg3 Ng6 13.Re1 h5 14.d5 e5 15.Nf1 g4 16.
hxg4 hxg4 17.N3h2 Nf6 18.Nxg4 Nxg4 19.Qxg4 Bc8 20.Qf3 Nh4 21.Qd3 Qf6 22.
Bd1 Qh6 23.Nh2 f5 24.exf5 Nxf5 25.Re4 Nxg3 26.Qxg3 Bf5 27.Bf3 Bf6 28.Rc4 
O-O-O 29.Bg4 Bxg4 30.Rxg4 Bh4 31.Qd3 Bxf2+ 32.Kxf2 Qxh2 33.Qxa6+ Kb8 34.a5
Rdf8+ 35.Ke2 Qh5 36.axb6 Qxg4+ 37.Kd3 Qf5+ 38.Kc4 Qe4+ 0-1

[Event "20th EUR-ch"]
[Site "Skopje MKD"]
[Date "2019.03.26"]
[Round "8"]
[White "Blubaum, Matthias"]
[Black "Zanan, Evgeny"]
[Result "1-0"]
[WhiteElo "2616"]
[BlackElo "2514"]
[EventDate "2019.03.18"]
[Board "43"]
[PlyCount "115"]

1.d4 Nf6 2.c4 g6 3.Nc3 Bg7 4.e4 d6 5.Be2 O-O 6.Be3 c5 7.d5 e6 8.Nf3 exd5 
9.cxd5 Bg4 10.Nd2 Bxe2 11.Qxe2 Re8 12.f3 Na6 13.Nc4 Nc7 14.a4 Qe7 15.O-O 
Nd7 16.Bf4 Ne5 17.Bxe5 Bxe5 18.Nxe5 Qxe5 19.f4 Qe7 20.Rae1 f6 21.Qc4 Qg7 
22.b4 b6 23.Rf2 Re7 24.bxc5 bxc5 25.Rb2 g5 26.f5 Rd7 27.Nd1 Re8 28.Nf2 Na8
29.a5 Rb7 30.Reb1 Rxb2 31.Rxb2 Qc7 32.Qa6 Rb8 33.Rxb8+ Qxb8 34.h4 gxh4 35.
Qc6 Qd8 36.Qb7 c4 37.Qc6 Kg7 38.Kh2 Qe7 39.Kh3 Nc7 40.Qxc4 a6 41.Qc1 Ne8 
42.Kxh4 Qe5 43.Kg4 Qd4 44.Kf3 Qb4 45.Qc6 Qb3+ 46.Kf4 Qb2 47.Kg3 Qe2 48.
Qxe8 Qe3+ 49.Kh2 Qf4+ 50.Kh3 Qe3+ 51.g3 Qxf2 52.Qe7+ Kg8 53.Qe8+ Kg7 54.
Qe7+ Kg8 55.Qxf6 Qf1+ 56.Kh4 Qh1+ 57.Kg5 Qc1+ 58.Kh5 1-0

[Event "20th EUR-ch"]
[Site "Skopje MKD"]
[Date "2019.03.26"]
[Round "8"]
[White "Svane, Rasmus"]
[Black "Dragnev, Valentin"]
[Result "0-1"]
[WhiteElo "2610"]
[BlackElo "2511"]
[EventDate "2019.03.18"]
[Board "44"]
[PlyCount "134"]

1.Nf3 Nf6 2.g3 d5 3.Bg2 c5 4.O-O Nc6 5.d4 cxd4 6.Nxd4 e5 7.Nxc6 bxc6 8.c4 
Be6 9.Qa4 Qd7 10.Nc3 Rc8 11.cxd5 cxd5 12.Qxd7+ Kxd7 13.Rd1 Bc5 14.Na4 Be7 
15.Bg5 Ng8 16.Bd2 Nf6 17.Bg5 Ng8 18.Bd2 Nf6 19.Be1 Rc2 20.Nc3 Rxb2 21.Nxd5
Nxd5 22.Bxd5 Bd6 23.Rac1 Bxd5 24.Rxd5 Ke6 25.e4 Rb6 26.Bd2 Ra6 27.Ra5 Rxa5
28.Bxa5 Rb8 29.Rc6 Kd7 30.Rc2 Rb5 31.Bd2 Bc5 32.Kf1 Bd4 33.Ke2 h5 34.h4 g6
35.Be3 Bxe3 36.Kxe3 Ra5 37.Kd3 Ra4 38.Re2 Kc6 39.Kc3 Kc5 40.Kb3 Rb4+ 41.
Kc3 Rc4+ 42.Kb3 a5 43.Re3 Kd4 44.Rf3 Rc7 45.Ka4 Kxe4 46.Rf6 Ra7 47.Kb5 a4 
48.a3 Kd5 49.f3 Kd4 50.Kb6 Re7 51.Kb5 Ra7 52.Kb6 Re7 53.Kb5 Ke3 54.Kxa4 
Kf2 55.g4 Kg3 56.gxh5 gxh5 57.Kb3 Kxh4 58.Kc3 Kg3 59.Kd3 h4 60.Ke4 h3 61.
Rh6 h2 62.Rh8 Ra7 63.Rg8+ Kf2 64.Rh8 Ra4+ 65.Kxe5 Kg3 66.f4 Rxf4 67.Rxh2 
f6+ 0-1

[Event "20th EUR-ch"]
[Site "Skopje MKD"]
[Date "2019.03.26"]
[Round "8"]
[White "Pultinevicius, Paulius"]
[Black "Moussard, Jules"]
[Result "1/2-1/2"]
[WhiteElo "2439"]
[BlackElo "2601"]
[EventDate "2019.03.18"]
[Board "46"]
[PlyCount "84"]

1.d4 d6 2.e4 Nf6 3.Nc3 g6 4.g3 Bg7 5.Bg2 O-O 6.Nge2 Nbd7 7.O-O e5 8.h3 b6 
9.Be3 Bb7 10.d5 Re8 11.Qd2 a5 12.a3 Ba6 13.Rfb1 Qc8 14.b4 Bc4 15.bxa5 Rxa5
16.a4 Ra8 17.Nb5 Nc5 18.Bxc5 dxc5 19.Nec3 Rd8 20.Qe1 c6 21.Na3 cxd5 22.
Nxc4 dxc4 23.Rxb6 Ra6 24.a5 Rxb6 25.axb6 Qc6 26.Rb1 Rb8 27.Nd5 Nxd5 28.
exd5 Qd6 29.b7 f5 30.Bf1 h5 31.Qa5 e4 32.Rb6 Qxd5 33.Rxg6 Rxb7 34.Qa6 e3 
35.fxe3 Rb1 36.Qf6 Rxf1+ 37.Kxf1 Qd1+ 38.Kf2 Qxc2+ 39.Kf1 Qd1+ 40.Kf2 Qc2+
41.Kf1 Qd1+ 42.Kf2 Qc2+ 1/2-1/2

[Event "20th EUR-ch"]
[Site "Skopje MKD"]
[Date "2019.03.26"]
[Round "8"]
[White "Ivic, Velimir"]
[Black "Parligras, Mircea-Emilian"]
[Result "1/2-1/2"]
[WhiteElo "2487"]
[BlackElo "2657"]
[EventDate "2019.03.18"]
[Board "50"]
[PlyCount "42"]

1.e4 c5 2.Nf3 e6 3.d4 cxd4 4.Nxd4 Nc6 5.Nc3 a6 6.Be2 Qc7 7.O-O Nf6 8.Be3 
d6 9.f4 Be7 10.Kh1 O-O 11.Qe1 Nxd4 12.Bxd4 b5 13.Qg3 Bb7 14.a3 Rad8 15.
Rae1 Bc6 16.Bd3 Qd7 17.Nd1 Nh5 18.Qg4 Nf6 19.Qg3 Nh5 20.Qg4 Nf6 21.Qg3 Nh5
1/2-1/2

[Event "20th EUR-ch"]
[Site "Skopje MKD"]
[Date "2019.03.26"]
[Round "8"]
[White "Volokytin, Andriy"]
[Black "Sargsian, Shant"]
[Result "1-0"]
[WhiteElo "2635"]
[BlackElo "2488"]
[EventDate "2019.03.18"]
[Board "51"]
[PlyCount "127"]

1.e4 e5 2.Nf3 Nc6 3.Bb5 a6 4.Ba4 Nf6 5.O-O Nxe4 6.d4 b5 7.Bb3 d5 8.dxe5 
Be6 9.Be3 Be7 10.c3 O-O 11.Nbd2 Bg4 12.Nxe4 dxe4 13.Qd5 Qxd5 14.Bxd5 exf3 
15.Bxc6 fxg2 16.Kxg2 Rab8 17.b4 f6 18.Bd5+ Kh8 19.f3 Bf5 20.e6 Bd6 21.Rfe1
Rfe8 22.Bd4 Re7 23.a4 h6 24.a5 Rbe8 25.Bb7 Rxe6 26.Rxe6 Bxe6 27.Bxa6 Rb8 
28.Rd1 Kg8 29.Bf2 Kf7 30.Bg3 Ke7 31.Kf2 Kd7 32.h4 Bb3 33.Rd4 Kc6 34.Bxd6 
cxd6 35.h5 f5 36.Ke3 d5 37.Rd2 Ra8 38.Rg2 Rxa6 39.Rxg7 d4+ 40.Kxd4 Kd6 41.
Rg6+ Be6 42.Rxh6 Rc6 43.Rh8 Rc4+ 44.Kd3 Ke5 45.Rb8 Rc7 46.Rxb5+ Kf4 47.Rc5
Rd7+ 48.Kc2 Kxf3 49.Re5 Bd5 50.Rxf5+ Ke4 51.Rg5 Rf7 52.Rg2 Rf1 53.Rh2 Ra1 
54.Rh4+ Ke5 55.h6 Be4+ 56.Kb2 Rb1+ 57.Ka2 Bh7 58.a6 Rg1 59.a7 Rg8 60.Rg4 
Ra8 61.Rg7 Bd3 62.Kb3 Kf6 63.c4 Bg6 64.b5 1-0

[Event "20th EUR-ch"]
[Site "Skopje MKD"]
[Date "2019.03.26"]
[Round "8"]
[White "Lagarde, Maxime"]
[Black "Fakhrutdinov, Timur"]
[Result "0-1"]
[WhiteElo "2631"]
[BlackElo "2485"]
[EventDate "2019.03.18"]
[Board "52"]
[PlyCount "108"]

1.e4 e5 2.Nf3 Nc6 3.Bb5 Nf6 4.O-O Nxe4 5.d4 Nd6 6.Bxc6 dxc6 7.dxe5 Nf5 8.
Qxd8+ Kxd8 9.h3 Be7 10.Rd1+ Ke8 11.Nc3 Nh4 12.Nd4 Ng6 13.f4 h5 14.Be3 Nh4 
15.Bf2 Nf5 16.Nce2 g6 17.Rd2 Kf8 18.Nxf5 Bxf5 19.Nd4 Rd8 20.Rad1 Bc8 21.
Ne6+ Bxe6 22.Rxd8+ Bxd8 23.Rxd8+ Kg7 24.Rd1 h4 25.a4 b6 26.b4 Rh5 27.Rd8 
g5 28.f5 Bxf5 29.Ra8 Rh6 30.Rxa7 Bxc2 31.a5 bxa5 32.bxa5 c5 33.Rxc7 Be4 
34.Be3 Re6 35.Bxg5 Rxe5 36.Bxh4 Rd5 37.Be1 Kg6 38.Rc8 Rd1 39.Kf2 Rc1 40.g3
f6 41.Rc7 Bd3 42.g4 Rc2+ 43.Kg3 f5 44.Rc6+ Kg7 45.g5 Be4 46.Rd6 c4 47.Kf4 
c3 48.Rd1 Kf7 49.a6 Rh2 50.h4 c2 51.Ra1 Rh3 52.Ke5 Rd3 53.h5 Rd1 54.g6+ 
Kg7 0-1

[Event "20th EUR-ch"]
[Site "Skopje MKD"]
[Date "2019.03.26"]
[Round "8"]
[White "Enchev, Ivajlo"]
[Black "Kobalia, Mikhail"]
[Result "0-1"]
[WhiteElo "2490"]
[BlackElo "2627"]
[EventDate "2019.03.18"]
[Board "53"]
[PlyCount "98"]

1.d4 d5 2.Nf3 Nf6 3.c4 c6 4.Nc3 a6 5.c5 g6 6.Bf4 Bg7 7.h3 O-O 8.e3 Nbd7 9.
Be2 Ne4 10.O-O f5 11.Na4 Qe8 12.Qc2 h6 13.Bh2 Ng5 14.Ne1 Nf7 15.Nd3 e5 16.
dxe5 Nfxe5 17.Nf4 Qe7 18.Kh1 Kh7 19.Rad1 Rb8 20.b3 Rf7 21.Rg1 Nf8 22.Nb6 
Be6 23.Nd3 Nxd3 24.Bxd3 Re8 25.b4 Kh8 26.Bd6 Qh4 27.Kh2 Qxb4 28.f4 Qc3 29.
Qf2 Nh7 30.g4 Qf6 31.g5 hxg5 32.fxg5 Nxg5 33.Rg2 Ne4 34.Bxe4 fxe4 35.Qg3 
Qf3 36.Qh4+ Qh5 37.Qxh5+ gxh5 38.Rdg1 Rf3 39.Rg3 d4 40.exd4 Bxd4 41.Rd1 
Bg7 42.Rxf3 exf3 43.a4 Bf5 44.Kg3 Be4 45.Nc4 Bd5 46.Nd2 h4+ 47.Kxh4 f2 48.
Bg3 Bf6+ 49.Kg4 Rg8+ 0-1

[Event "20th EUR-ch"]
[Site "Skopje MKD"]
[Date "2019.03.26"]
[Round "8"]
[White "Studer, Noel"]
[Black "Martirosian, Haik"]
[Result "0-1"]
[WhiteElo "2479"]
[BlackElo "2616"]
[EventDate "2019.03.18"]
[Board "54"]
[PlyCount "140"]

1.d4 Nf6 2.c4 e6 3.Nf3 c5 4.d5 exd5 5.cxd5 d6 6.Nc3 g6 7.Bf4 a6 8.e4 b5 9.
Be2 Bg7 10.e5 Nh5 11.Be3 dxe5 12.Bxc5 Nd7 13.Bb4 Bf8 14.d6 Bb7 15.a4 Nf4 
16.O-O Bg7 17.axb5 a5 18.Ba3 O-O 19.Bd3 Nxd3 20.Qxd3 f5 21.Qc4+ Kh8 22.Qc7
Rb8 23.Qxd8 Rfxd8 24.Nd2 Ra8 25.Na4 Bd5 26.Rac1 Rab8 27.Rc7 Be6 28.Nc3 e4 
29.Rd1 Kg8 30.h3 h5 31.Rb1 Rbc8 32.Nf1 Be5 33.Rc6 Rb8 34.Ne3 Nf6 35.Rd1 
Bb3 36.Rd2 Rd7 37.Bc5 f4 38.Nc2 e3 39.fxe3 Bxc3 40.bxc3 Ne4 41.Re2 Rxb5 
42.Bd4 Bxc2 43.exf4 Bb1 44.Be5 Kf7 45.Re1 Bd3 46.Rd1 Bc2 47.Rc1 Bb3 48.Re1
Rc5 49.Rb6 Bd5 50.Bd4 Rc6 51.Rb5 Rcxd6 52.Rxa5 Bb7 53.Ra7 Ng3 54.Bf2 h4 
55.c4 Rd2 56.Ra3 Ne2+ 57.Kf1 Nxf4 58.Bxh4 Nxg2 59.Bg5 Nxe1 60.Bxd2 Nc2 61.
Rb3 Rxd2 62.Rxb7+ Kf6 63.Rb3 Nd4 64.Rc3 Nc6 65.c5 Kf5 66.Kg1 Ke4 67.Rc4+ 
Kd5 68.Rc3 Ne5 69.Kf1 Ra2 70.h4 Rh2 0-1

[Event "20th EUR-ch"]
[Site "Skopje MKD"]
[Date "2019.03.26"]
[Round "8"]
[White "Pashikian, Arman"]
[Black "Firat, Burak"]
[Result "1-0"]
[WhiteElo "2616"]
[BlackElo "2468"]
[EventDate "2019.03.18"]
[Board "55"]
[PlyCount "67"]

1.Nf3 d5 2.d4 Nf6 3.c4 e6 4.g3 dxc4 5.Bg2 c5 6.O-O Nc6 7.dxc5 Bxc5 8.Qxd8+
Kxd8 9.Nbd2 Ke7 10.Nxc4 Bd7 11.Nfe5 Rac8 12.Nxd7 Nxd7 13.Bd2 b5 14.Na5 
Nxa5 15.Bxa5 Nb6 16.Rfc1 Bd4 17.Rab1 Na4 18.Bb7 Rxc1+ 19.Rxc1 Rb8 20.Rc7+ 
Kf6 21.b3 Be5 22.Ba6 Bxc7 23.Bxc7 Rg8 24.bxa4 bxa4 25.e4 Ke7 26.e5 Kd7 27.
Bd6 Kc6 28.Kf1 f6 29.f4 g5 30.Bc4 gxf4 31.Bxe6 Rg6 32.Bf5 Rg5 33.Be4+ Kd7 
34.gxf4 1-0

[Event "20th EUR-ch"]
[Site "Skopje MKD"]
[Date "2019.03.26"]
[Round "8"]
[White "Diermair, Andreas"]
[Black "Goganov, Aleksey"]
[Result "1/2-1/2"]
[WhiteElo "2478"]
[BlackElo "2610"]
[EventDate "2019.03.18"]
[Board "56"]
[PlyCount "57"]

1.d4 d5 2.c4 c6 3.Nc3 Nf6 4.cxd5 cxd5 5.Bf4 Nc6 6.e3 Bf5 7.Nf3 e6 8.Qb3 
Bb4 9.Ne5 Qb6 10.Nxc6 bxc6 11.Be2 Ne4 12.f3 Nxc3 13.bxc3 Be7 14.c4 dxc4 
15.Qxc4 O-O 16.Kf2 Rfd8 17.Rac1 Rac8 18.Rhd1 c5 19.Qa6 g5 20.Be5 f6 21.Bg3
Bg6 22.Qxb6 axb6 23.Ba6 Ra8 24.Bc4 Bf7 25.Bc7 Rdc8 26.Bxb6 cxd4 27.exd4 
Rc6 28.Bc5 Bxc5 29.dxc5 1/2-1/2

[Event "20th EUR-ch"]
[Site "Skopje MKD"]
[Date "2019.03.26"]
[Round "8"]
[White "Jurcik, Marian"]
[Black "Solak, Dragan"]
[Result "1/2-1/2"]
[WhiteElo "2474"]
[BlackElo "2601"]
[EventDate "2019.03.18"]
[Board "57"]
[PlyCount "64"]

1.e4 c5 2.Nf3 e6 3.b3 Nc6 4.Bb2 d5 5.exd5 exd5 6.Bb5 Nf6 7.Qe2+ Be7 8.Bxf6
gxf6 9.O-O O-O 10.Re1 Re8 11.Bxc6 bxc6 12.Nc3 Bg4 13.Na4 Qd7 14.Qd3 Bd6 
15.Nh4 Rxe1+ 16.Rxe1 Re8 17.Re3 d4 18.Re4 f5 19.Rxe8+ Qxe8 20.Kf1 Bxh2 21.
Nxf5 Bf4 22.f3 Bxd2 23.Qxd2 Bxf5 24.Nxc5 Qd8 25.Nd3 Bxd3+ 26.Qxd3 Qd5 27.
Qa6 Qc5 28.Qc8+ Kg7 29.Qg4+ Kf8 30.Qe4 Kg7 31.Qg4+ Kf8 32.Qe4 Kg7 1/2-1/2

[Event "20th EUR-ch"]
[Site "Skopje MKD"]
[Date "2019.03.26"]
[Round "8"]
[White "Georgiev, Kiril"]
[Black "Grinberg, Eyal"]
[Result "1/2-1/2"]
[WhiteElo "2595"]
[BlackElo "2467"]
[EventDate "2019.03.18"]
[Board "58"]
[PlyCount "138"]

1.c4 c6 2.Nf3 d5 3.e3 Nf6 4.Nc3 e6 5.b3 Nbd7 6.Bb2 b6 7.Qc2 Bb7 8.Be2 Bd6 
9.O-O O-O 10.d4 Qe7 11.Rad1 Rad8 12.Rfe1 c5 13.cxd5 cxd4 14.Nxd4 Nxd5 15.
Nxd5 Bxd5 16.Nf5 exf5 17.Rxd5 g6 18.Qc3 f6 19.Red1 Nc5 20.g3 Kg7 21.Qc4 
Ne4 22.Bf3 Ng5 23.Bg2 Bc5 24.h4 Nf7 25.h5 Rxd5 26.Rxd5 Rd8 27.Bc3 Rxd5 28.
Bxd5 Ne5 29.Qe2 Qd6 30.Qd2 a5 31.hxg6 hxg6 32.Kg2 Ng4 33.Bf3 Qxd2 34.Bxd2 
Ne5 35.Be2 Kf7 36.f4 Nc6 37.Bc4+ Ke7 38.Kf3 Nb4 39.a3 Nc6 40.Bc1 Nd8 41.
Ke2 Nb7 42.Kd3 Nd6 43.Bd5 Nb5 44.a4 Nc7 45.Bf3 Na6 46.Kc4 Nb4 47.Bd2 Kd6 
48.Bb7 Nc2 49.Kd3 Nb4+ 50.Kc4 Nc2 51.e4 Ne3+ 52.Kd3 fxe4+ 53.Bxe4 Nf1 54.
Be1 f5 55.Bg2 Ne3 56.Bf3 Nd5 57.Kc4 Ne3+ 58.Kd3 Nd5 59.Bd2 Bf2 60.g4 Bg3 
61.Bxd5 Kxd5 62.gxf5 gxf5 63.Be3 Kc6 64.Kd4 Kd6 65.Kc4 Kc6 66.Bd2 Bf2 67.
Bc1 Bc5 68.Bd2 Bf2 69.Bc1 Bc5 1/2-1/2

[Event "20th EUR-ch"]
[Site "Skopje MKD"]
[Date "2019.03.26"]
[Round "8"]
[White "Stocek, Jiri"]
[Black "Gavrilescu, David"]
[Result "1/2-1/2"]
[WhiteElo "2592"]
[BlackElo "2467"]
[EventDate "2019.03.18"]
[Board "59"]
[PlyCount "52"]

1.c4 e6 2.Nc3 d5 3.d4 Bb4 4.e3 Nf6 5.a3 Bxc3+ 6.bxc3 c6 7.a4 O-O 8.Ba3 Re8
9.Nf3 b6 10.cxd5 cxd5 11.Bb5 Bd7 12.O-O Bxb5 13.axb5 Qc8 14.Qb3 a6 15.bxa6
Rxa6 16.Bb4 Nc6 17.Ra3 Rxa3 18.Qxa3 Ne4 19.Qa4 Nxb4 20.cxb4 Nc3 21.Qa7 Qc4
22.Ra1 Qxb4 23.Ne5 Rf8 24.Nd7 Re8 25.Ne5 Rf8 26.Nd7 Re8 1/2-1/2

[Event "20th EUR-ch"]
[Site "Skopje MKD"]
[Date "2019.03.26"]
[Round "8"]
[White "Petriashvili, Nikoloz"]
[Black "Santos Latasa, Jaime"]
[Result "0-1"]
[WhiteElo "2465"]
[BlackElo "2582"]
[EventDate "2019.03.18"]
[Board "60"]
[PlyCount "148"]

1.c4 b6 2.d4 Bb7 3.Nc3 e6 4.Nf3 Bb4 5.Bd2 f5 6.g3 Nf6 7.Bg2 O-O 8.O-O Qe7 
9.Qc2 Bxc3 10.Bxc3 Be4 11.Qd2 d6 12.b3 Nbd7 13.Rfe1 a5 14.Qc1 Rae8 15.Bh3 
Qf7 16.a3 Qh5 17.Bg2 h6 18.b4 axb4 19.axb4 Ra8 20.Bd2 Qf7 21.Qb2 b5 22.
cxb5 Nb6 23.Rxa8 Rxa8 24.Ra1 Qd7 25.Rxa8+ Bxa8 26.Qa2 Bd5 27.Qa6 Bc4 28.e3
Bxb5 29.Qa1 Bc6 30.Qc1 Be4 31.Ne1 Bxg2 32.Kxg2 Nbd5 33.Qc4 Ne4 34.Qc2 Qb5 
35.Nd3 Nef6 36.h3 Qb7 37.f3 Qb5 38.g4 Qe8 39.Nf2 Qd7 40.gxf5 exf5 41.e4 
Ne7 42.Qa2+ Kh7 43.Qf7 d5 44.e5 Nc6 45.Qxd7 Nxd7 46.e6 Nf6 47.Bf4 Ne8 48.
Nd3 Nxd4 49.Be5 Nxe6 50.b5 Nf6 51.Nb4 Nd7 52.Bh2 Nb6 53.Na6 f4 54.Bg1 Nc4 
55.Kf1 Kg6 56.Ke2 Kf5 57.Ba7 Nd6 58.b6 cxb6 59.Bxb6 Nc4 60.Bf2 Ke5 61.Ba7 
Nd4+ 62.Kf2 Ne6 63.Nb4 d4 64.Bb8+ Kf5 65.Nd3 g5 66.Kg2 Nd8 67.h4 Nc6 68.
hxg5 Nxb8 69.gxh6 Nd6 70.h7 Nf7 71.Nc5 Nc6 72.Ne4 Kg6 73.Nf2 Nce5 74.Nh3 
Kf5 0-1

[Event "20th EUR-ch"]
[Site "Skopje MKD"]
[Date "2019.03.26"]
[Round "8"]
[White "Moroni, Luca jr"]
[Black "Del Rio Angelis, Salvador Gabriel"]
[Result "1/2-1/2"]
[WhiteElo "2564"]
[BlackElo "2464"]
[EventDate "2019.03.18"]
[Board "61"]
[PlyCount "119"]

1.c4 f5 2.Nc3 Nf6 3.g3 e6 4.Bg2 d5 5.cxd5 exd5 6.d4 c6 7.Bf4 Be7 8.Nf3 O-O
9.Qc2 Na6 10.h4 Nc7 11.Ng5 Ne6 12.Bh3 Ne4 13.Nxe6 Bxe6 14.f3 Nxc3 15.Qxc3 
Bd6 16.e3 Rc8 17.O-O-O c5 18.Kb1 c4 19.e4 b5 20.Bxd6 Qxd6 21.exf5 Bxf5+ 
22.Bxf5 Rxf5 23.f4 b4 24.Qc2 Rff8 25.Rhe1 c3 26.b3 Rfe8 27.Re5 Rxe5 28.
dxe5 Qc5 29.Re1 d4 30.e6 Qd5 31.Qd3 Qg2 32.Re2 Qf1+ 33.Kc2 Qa1 34.Qa6 Rd8 
35.Qd3 Qxa2+ 36.Kd1 Qxb3+ 37.Ke1 Qd5 38.Re5 Qa2 39.e7 Re8 40.Qb5 Qf7 41.
Qxb4 c2 42.Kd2 d3 43.Qc5 Qb3 44.Rf5 c1=Q+ 45.Kxc1 Qc2+ 46.Qxc2 dxc2 47.
Kxc2 Rxe7 48.Kd2 g6 49.Ra5 Kg7 50.h5 Kh6 51.hxg6 hxg6 52.Ra6 Kg7 53.Kd3 
Kf7 54.Kd4 Kg7 55.Kd5 Kf7 56.Ra3 Kg7 57.Ra5 Kf7 58.Kc6 Re6+ 59.Kd5 Re7 60.
Ra6 1/2-1/2

[Event "20th EUR-ch"]
[Site "Skopje MKD"]
[Date "2019.03.26"]
[Round "8"]
[White "Lomasov, Semyon"]
[Black "Kalezic, Blazo"]
[Result "1/2-1/2"]
[WhiteElo "2559"]
[BlackElo "2460"]
[EventDate "2019.03.18"]
[Board "62"]
[PlyCount "39"]

1.e4 c6 2.Nc3 g6 3.d4 Bg7 4.Nf3 d5 5.Bf4 dxe4 6.Nxe4 Nf6 7.Nxf6+ exf6 8.
Qd2 O-O 9.Be2 Re8 10.O-O g5 11.Bg3 Nd7 12.Rfe1 Nb6 13.Bd3 Be6 14.c3 h6 15.
Qc2 Qd7 16.h4 Rad8 17.a4 Nd5 18.hxg5 hxg5 19.a5 Bf8 20.b4 1/2-1/2

[Event "20th EUR-ch"]
[Site "Skopje MKD"]
[Date "2019.03.26"]
[Round "8"]
[White "Halkias, Stelios"]
[Black "Flom, Gabriel"]
[Result "1-0"]
[WhiteElo "2552"]
[BlackElo "2457"]
[EventDate "2019.03.18"]
[Board "63"]
[PlyCount "65"]

1.Nf3 c5 2.c4 Nf6 3.Nc3 Nc6 4.e3 g6 5.d4 cxd4 6.exd4 d5 7.cxd5 Nxd5 8.Qb3 
Nxc3 9.Bc4 e6 10.bxc3 Bd7 11.Be2 Na5 12.Qb1 Rc8 13.O-O Bg7 14.Ba3 Bf8 15.
Bc1 Bg7 16.Ba3 Bf8 17.Bb4 Bxb4 18.Qxb4 b6 19.Ba6 Rc7 20.d5 Rc5 21.Rad1 Qf6
22.Rfe1 O-O 23.Ne5 Bc8 24.Ng4 Qxc3 25.Qf4 exd5 26.Bxc8 Rcxc8 27.Re3 Qb2 
28.Nf6+ Kg7 29.Rh3 Rh8 30.Nh5+ Kg8 31.Nf6+ Kg7 32.Qh6+ Kxf6 33.Re1 1-0